Science and Human Behavior /

Obra del norteamericano Burrhus Frederick Skinner (1904-1990), uno de los principales representantes del conductismo. Para Skinner el método experimental es el único criterio de cientificidad y el criterio objetivista es el paradigma de la indagación psicológica, que asume el comportamiento directam...

Popoln opis

Shranjeno v:
Bibliografske podrobnosti
Glavni avtor: Skinner, Burrhus Frederic (autor)
Format: Knjiga
Jezik:angleščina
Izdano: Nueva York, EUA : Macmillan, 1965, c1953::::
Teme:
Oznake: Označite
Brez oznak, prvi označite!

MARC

LEADER 00000nam^a2200000^a^4500
001 000138025
005 20250521000000.0
009 20260310095414.951
037 |a Acervo ITESO - Biblioteca 
041 |a ING 
082 |a 150. 19434  |b SKI 
100 |a Skinner, Burrhus Frederic  |e (autor) 
240 1 1 |a [Ciencia y conducta humana] 
245 1 0 |a Science and Human Behavior /  |c B.F. Skinner. 
264 4 |a Nueva York, EUA :  |b Macmillan,  |c 1965, c1953:::: 
300 |a X, 461 p. 
336 |a texto  |b txt  |2 rdacontenido 
337 |a sin mediación  |b n  |2 rdamedio 
338 |a volumen  |b nc  |2 rdasoporte 
520 |a Obra del norteamericano Burrhus Frederick Skinner (1904-1990), uno de los principales representantes del conductismo. Para Skinner el método experimental es el único criterio de cientificidad y el criterio objetivista es el paradigma de la indagación psicológica, que asume el comportamiento directamente observable desde el exterior como único objeto de la indagación misma. Publicada originalmente en 1953, esta obra era considerada por su autor, según una carta no publicada de 1967, como la mejor expresión de su postura en el campo de la psicología. 
649 |a XX 
650 |a Conductismo -  |x Tema Principal 
650 |a Psicología -  |x Filosofía 
650 |a Psicología -  |x Teoría 
910 |a Fondo Armando Suárez Gómez 
920 |a Impresos - Libros 
930 |a Fondos Especiales 
905 |a 111 
901 |a 0700002250  |b IT2  |c ESP  |u 20250521 
902 |a https://opac.biblio.iteso.mx/vufind/Record/000138025